000 00647nam a2200217 4500
001 128028
003 ES-MaACL
005 20240526062940.0
007 t|
008 070214s1982 sp r ||||1| spa d
100 0 _aRiosalido, Jesús,
_d1937-
_997407
245 1 0 _aAndersen's boulevard /
_cJesús Riosalido.
250 _a1ª. ed.
260 _aGranada :
_bDiputación Provincial,
_c1982.
300 _a124 p. ;
_c21 cm.
490 1 _aGenil ;
_v16
710 1 _aGranada (Provincia).
_bDiputación Provincial.
_94488
830 0 _aGenil ;
_v16
_9219233
852 _aES-MaACL
_jL-4995
_bR.105366
999 _c128028
_d128028